[Event "11th European Senior"]
[Site "Courmayeur ITA"]
[Date "2011.04.13"]
[Round "8.26"]
[White "Thieme, Hans"]
[Black "Cavatorta, Fosco"]
[Result "1-0"]
[WhiteElo "2101"]
[BlackElo "1914"]
[WhiteFideId "24612561"]
[BlackFideId "809195"]
[EventDate "2011.04.06"]

1. e4 d6 2. d4 Nf6 3. Bd3 e5 4. c3 g6 5. f4 exd4 6. cxd4 Bg7 7. Nf3 O-O 8. O-O
Nc6 9. Nc3 Re8 10. Kh1 Ng4 11. h3 Nh6 12. Bc2 f5 13. Bb3+ Kh8 14. e5 Na5 15. Bc2
c6 16. Re1 Be6 17. b3 Nf7 18. Qe2 dxe5 19. dxe5 b6 20. Ba3 Nb7 21. Rad1 Qc7 22.
Rc1 a6 23. Bd3 b5 24. Qf2 Qa5 25. Bb2 c5 26. Bb1 Qb4 27. g3 Nfd8 28. Red1 Nc6
29. Nd5 Qa5 30. Ng5 Nd4 31. Nxe6 Nxe6 32. Qg2 Rab8 33. Bc3 b4 34. Ba1 Qb5 35.
Bd3 Qc6 36. Bc4 Na5 37. Be2 Red8 38. Bf3 Qb5 39. Qe2 Qxe2 40. Bxe2 Nd4 41. Bxd4
Rxd5 42. Rxc5 Rbd8 43. Rxd5 Rxd5 44. Bb2 Rxd1+ 45. Bxd1 g5 46. Bf3 gxf4 47. gxf4
Kg8 48. Bd4 Bh6 49. Bb6 Nxb3 50. axb3 Bxf4 51. e6 Bd6 52. Bb7 Kf8 53. Bxa6 Ke7
54. Bc4 f4 55. Kg2 h6 56. Kf3 1-0

[Event "11th European Senior"]
[Site "Courmayeur ITA"]
[Date "2011.04.13"]
[Round "8.27"]
[White "Elfert, Aleksandr V."]
[Black "Frank, Albert"]
[Result "1-0"]
[WhiteTitle "IM"]
[WhiteElo "2039"]
[BlackElo "1909"]
[WhiteFideId "4121325"]
[BlackFideId "200948"]
[EventDate "2011.04.06"]

1. d4 c5 2. d5 Nf6 3. Nc3 e5 4. e4 d6 5. Be2 Be7 6. g3 O-O 7. h4 b5 8. Bxb5 Qa5
9. Qe2 Na6 10. f3 Nh5 11. Kf2 f5 12. exf5 Rxf5 13. Bd3 Nb4 14. Be4 Ba6 15. Qd1
Rf7 16. Bg5 Bb7 17. a3 Na6 18. Kg2 Qd8 19. Nh3 Nf6 20. Bxf6 Bxf6 21. Ng5 Bxg5
22. Bxh7+ Kxh7 23. hxg5+ Kg8 24. Ne4 Nc7 25. c4 Ne8 26. g6 Rf5 27. f4 exf4 28.
gxf4 Nf6 29. Ng5 Ng4 30. Qxg4 Qf6 31. Rae1 Qxb2+ 32. Re2 Rxf4 33. Rh8+ Kxh8 34.
Qh5+ 1-0

[Event "11th European Senior"]
[Site "Courmayeur ITA"]
[Date "2011.04.13"]
[Round "8.28"]
[White "Bisignano, Giuseppe"]
[Black "Levinsky, Gregory"]
[Result "1-0"]
[WhiteElo "1938"]
[BlackElo "2026"]
[WhiteFideId "812358"]
[BlackFideId "2805561"]
[EventDate "2011.04.06"]

1. e4 e5 2. Nf3 Nc6 3. Bb5 a6 4. Ba4 Nf6 5. O-O b5 6. Bb3 Bc5 7. c3 Nxe4 8. d4
exd4 9. cxd4 Be7 10. d5 Na5 11. Bc2 Nf6 12. Nc3 O-O 13. Re1 d6 14. Bg5 h6 15.
Bh4 g5 16. Nxg5 hxg5 17. Bxg5 Kg7 18. Re3 Rh8 19. Qd4 c5 20. dxc6 Be6 21. Ne4
Nxc6 22. Bxf6+ Bxf6 23. Rg3+ Kf8 24. Qxf6 Qxf6 25. Nxf6 Nd4 26. Bd3 Ke7 27. Ne4
a5 28. Re1 Bd7 1-0

[Event "11th European Senior"]
[Site "Courmayeur ITA"]
[Date "2011.04.13"]
[Round "8.29"]
[White "Giani, Franco"]
[Black "Guillaumat, Jean-Pierre"]
[Result "0-1"]
[WhiteElo "1960"]
[BlackElo "1890"]
[WhiteFideId "811238"]
[BlackFideId "620823"]
[EventDate "2011.04.06"]

1. e3 d5 2. c4 c6 3. d4 Nf6 4. Nc3 e6 5. a3 Nbd7 6. Nf3 Bd6 7. c5 Bc7 8. Be2 e5
9. dxe5 Nxe5 10. O-O O-O 11. h3 Qe7 12. b4 Nxf3+ 13. Bxf3 Qe5 14. g3 Qxc3 15.
Ra2 Qe5 16. Bb2 Qe7 17. Kg2 Re8 18. Bd4 Bf5 19. Re1 Be4 20. Kh2 Be5 21. Be2 Bxd4
22. exd4 Bg6 23. Ra1 h6 24. Qc1 Qc7 25. Qb2 Re7 26. b5 Rae8 27. b6 axb6 28. cxb6
Qb8 29. a4 Bd3 30. Ra2 Bc4 31. Bxc4 Rxe1 32. Bd3 Rd1 33. Be2 Rxe2 34. Qxe2 Rxd4
35. a5 Rb4 36. Qe7 Rb5 37. Qc7 Qa8 38. a6 bxa6 39. Rc2 Ne8 40. Qa7 Qc8 41. Re2
Kf8 42. Re7 Rxb6 43. Rxe8+ Qxe8 44. Qxb6 Qa8 45. Qa5 Kg8 46. h4 h5 47. Kg1 Qb7
48. Qd8+ Kh7 49. Kg2 g6 50. Qd6 Kg7 51. Qe5+ Kh7 52. f4 Qd7 53. Qa1 d4 54. Qxa6
d3 55. Qa1 d2 56. Qd1 Qd3 57. Kf2 c5 58. f5 Qxf5+ 59. Ke2 Qg4+ 60. Kxd2 Qxd1+
61. Kxd1 Kg7 62. Kd2 0-1

[Event "11th European Senior"]
[Site "Courmayeur ITA"]
[Date "2011.04.13"]
[Round "8.30"]
[White "Pipitone, Antonio"]
[Black "Topaloglu, Hayati"]
[Result "1-0"]
[WhiteElo "2012"]
[BlackElo "1881"]
[WhiteFideId "804541"]
[BlackFideId "6310338"]
[EventDate "2011.04.06"]

1. e4 e6 2. d4 d5 3. Nc3 Nf6 4. e5 Nfd7 5. f4 c5 6. Nf3 Nc6 7. Be3 Qb6 8. Na4
Qa5+ 9. c3 cxd4 10. b4 Nxb4 11. cxb4 Bxb4+ 12. Bd2 b5 13. Nb2 Nc5 14. Nxd4 Bd7
15. Bxb4 Qxb4+ 16. Qd2 Qxd2+ 17. Kxd2 a6 18. Bd3 O-O 19. Nb3 Nb7 20. Rhc1 Rfc8
21. Rxc8+ Rxc8 22. Rc1 f5 23. Rxc8+ Bxc8 24. a4 Bd7 25. axb5 axb5 26. Kc3 Kf7
27. Kb4 g5 28. g3 gxf4 29. gxf4 Kg6 30. Nd4 Be8 31. Nxb5 Kh6 32. Nd4 Bh5 33. Bf1
Bf7 34. h3 Kh5 35. Nf3 Kg6 36. Kb5 Nd8 37. Kb6 Be8 38. Nd4 Kf7 39. Kc7 Ke7 40.
Be2 Bd7 41. Bh5 Be8 42. Bxe8 Kxe8 43. Kd6 Kf7 44. Kd7 Nb7 45. Nxe6 h5 46. Nd3 h4 1-0

[Event "11th European Senior"]
[Site "Courmayeur ITA"]
[Date "2011.04.13"]
[Round "8.31"]
[White "Chireykina, Natalia"]
[Black "Gardi, Giuseppe"]
[Result "0-1"]
[WhiteElo "1831"]
[BlackElo "2061"]
[WhiteFideId "24132136"]
[BlackFideId "811211"]
[EventDate "2011.04.06"]

1. e4 c6 2. d4 g6 3. Nf3 Bg7 4. c3 d6 5. Be2 Nf6 6. Nbd2 O-O 7. O-O Nbd7 8. h3
Qc7 9. Re1 e5 10. dxe5 Nxe5 11. Nxe5 dxe5 12. Bc4 Re8 13. Qf3 Be6 14. a4 Nh5 15.
Bf1 Rad8 16. Nc4 Rd7 17. Be3 b6 18. Rad1 Red8 19. Rxd7 Rxd7 20. Rd1 Rxd1 21.
Qxd1 Bf8 22. g3 Nf6 23. f3 Nd7 24. b4 f6 25. Qd2 b5 26. Nb2 a6 27. axb5 cxb5 28.
h4 Qc6 29. g4 Be7 30. h5 g5 31. Kg2 Nb6 32. Nd1 Kf7 33. Bf2 Na4 34. Be1 Bd6 35.
Ne3 Nb6 36. Bf2 Be7 37. Be2 Na4 38. Be1 Nb6 39. Bf2 Na4 40. Nd1 Ke8 41. h6 Bb3 0-1

[Event "11th European Senior"]
[Site "Courmayeur ITA"]
[Date "2011.04.13"]
[Round "8.32"]
[White "D Aulisa, Francesco"]
[Black "Gousseinov, Aguif"]
[Result "0-1"]
[WhiteElo "1768"]
[BlackElo "1979"]
[WhiteFideId "821390"]
[BlackFideId "612480"]
[EventDate "2011.04.06"]

1. e4 e5 2. f4 exf4 3. Nf3 d6 4. Bc4 h6 5. O-O g5 6. d4 Be6 7. Qd3 Bxc4 8. Qxc4
c6 9. d5 c5 10. e5 Bg7 11. Re1 Ne7 12. e6 O-O 13. Nbd2 Na6 14. c3 Nc7 15. Ne4
fxe6 16. Nexg5 hxg5 17. Nxg5 e5 18. Qe2 Nexd5 19. Qh5 Nf6 20. Qg6 Qe8 21. Qf5
Qd7 22. Qg6 Rae8 23. h4 Qg4 24. Rf1 Qh5 25. Qd3 d5 26. Qf5 Qxh4 27. Nf3 Qg4 28.
Qc2 Ne4 29. Nh2 Qf5 30. Qb3 b6 31. Qa4 Ng3 32. Rd1 Ne2+ 33. Kf1 f3 34. Nxf3 Nxc1
35. Raxc1 e4 36. Qc6 exf3 37. Qxc7 fxg2+ 0-1

[Event "11th European Senior"]
[Site "Courmayeur ITA"]
[Date "2011.04.13"]
[Round "8.33"]
[White "Hlinschi, Mihai"]
[Black "Kayaman, Metin"]
[Result "0-1"]
[WhiteElo "1702"]
[BlackElo "1973"]
[WhiteFideId "1206800"]
[BlackFideId "6301185"]
[EventDate "2011.04.06"]

1. e4 e5 2. Nf3 Nc6 3. Nc3 Nf6 4. Be2 Bb4 5. d3 d6 6. h3 h6 7. O-O Be6 8. Be3
O-O 9. a3 Ba5 10. b4 Bb6 11. d4 exd4 12. Nxd4 Nxd4 13. Bxd4 Re8 14. Bf3 c5 15.
bxc5 dxc5 16. Be3 Bc4 17. Re1 Ba5 18. Bd2 Qd4 19. e5 Nh7 20. Re4 Bxc3 21. Rxd4
Bxd4 22. c3 Bxe5 23. Bxb7 Rab8 24. Bf3 Red8 25. Qe1 Bf6 26. Be3 Rb3 27. Bxc5
Bxc3 28. Qe7 Bf6 29. Qc7 Be6 30. Rc1 Ng5 31. Bd1 Rbd3 32. Be2 Rd2 33. Kf1 Bb2
34. Rc2 Be5 35. Qe7 Bf6 36. Qxa7 Rxc2 37. Be3 Rxe2 38. Kxe2 Bc4+ 0-1

[Event "11th European Senior"]
[Site "Courmayeur ITA"]
[Date "2011.04.13"]
[Round "8.34"]
[White "Beltrami, Nerio"]
[Black "Weyand, Fernand"]
[Result "1-0"]
[WhiteElo "1956"]
[BlackElo "1845"]
[WhiteFideId "816191"]
[BlackFideId "638633"]
[EventDate "2011.04.06"]

1. e4 c6 2. Nf3 d5 3. Nc3 Nf6 4. exd5 Nxd5 5. Nxd5 cxd5 6. d4 Bg4 7. h3 Bxf3 8.
Qxf3 e6 9. Bd3 Nd7 10. O-O Bd6 11. b3 Qh4 12. Be3 Nf6 13. c4 O-O 14. c5 Bc7 15.
Rfd1 h5 16. Bf1 Qe4 17. Qe2 e5 18. Qd2 exd4 19. Bxd4 Be5 20. Bxe5 Qxe5 21. Re1
Qc7 22. b4 a5 23. a3 axb4 24. axb4 Rxa1 25. Rxa1 b6 26. Qd4 bxc5 27. bxc5 Rd8
28. Rc1 Qc6 29. Be2 g6 30. Bf3 Rc8 31. g3 Qe6 32. Kg2 Rc6 33. g4 hxg4 34. hxg4
Ne4 35. Re1 f5 36. gxf5 gxf5 37. Kf1 Ra6 38. Rb1 Qc6 39. Rb8+ Kf7 40. Bh5+ Ke6
41. Re8+ 1-0

[Event "11th European Senior"]
[Site "Courmayeur ITA"]
[Date "2011.04.13"]
[Round "8.35"]
[White "Norman, Dinah M"]
[Black "Diaz Begonte, Manuel"]
[Result "1-0"]
[WhiteTitle "WCM"]
[WhiteElo "1924"]
[BlackElo "1778"]
[WhiteFideId "402621"]
[BlackFideId "2262002"]
[EventDate "2011.04.06"]

1. d4 d5 2. Nf3 Nf6 3. e3 Bf5 4. c4 c6 5. Qb3 Qb6 6. Nc3 e6 7. Be2 Nbd7 8. O-O
dxc4 9. Bxc4 Bd6 10. h3 O-O 11. Re1 Ne4 12. Nxe4 Bxe4 13. Bxe6 Bxf3 14. gxf3 Qa5
15. Rd1 Qg5+ 16. Kf1 Nb6 17. Ke2 Qf6 18. Bc4 c5 19. dxc5 Bxc5 20. Bd3 Rfe8 21.
Bd2 Bd4 22. Bc3 Rad8 23. Bxd4 Rxd4 24. Be4 Rc4 25. Rac1 Rxc1 26. Rxc1 g6 27. Rc7
Nc8 28. Rxb7 Nd6 29. Rxa7 Rxe4 30. fxe4 Nxe4 31. Qb8+ Kg7 32. f3 Nd6 1-0

[Event "11th European Senior"]
[Site "Courmayeur ITA"]
[Date "2011.04.13"]
[Round "8.36"]
[White "Pintauro, Antonello"]
[Black "Catalfamo, Santo"]
[Result "0-1"]
[WhiteElo "1616"]
[BlackElo "1918"]
[WhiteFideId "878685"]
[BlackFideId "866547"]
[EventDate "2011.04.06"]

1. d4 b6 2. c4 Nf6 3. Nf3 Bb7 4. e3 e6 5. a3 Be7 6. Bd3 h6 7. Nc3 O-O 8. O-O d6
9. b4 Nbd7 10. Bb2 Rb8 11. Qe2 c5 12. dxc5 dxc5 13. b5 Qc7 14. h3 Bd6 15. Nd2
Bh2+ 16. Kh1 Be5 17. f4 Bd6 18. Nce4 Be7 19. Rad1 Rbd8 20. Nxf6+ Bxf6 21. Ne4
Bxb2 22. Qxb2 f5 23. Ng3 Nf6 24. Qe2 Rd6 25. Bc2 Rfd8 26. Rxd6 Rxd6 27. Rd1 Qd8
28. Rxd6 Qxd6 29. Qd3 Qe7 30. Kg1 Kf8 31. Kf2 Ke8 32. Qd2 h5 33. Kg1 h4 34. Ne2
Be4 35. Nc3 Bxc2 36. Qxc2 Nh5 37. Ne2 g5 38. a4 Qg7 39. Qc3 Qxc3 40. Nxc3 gxf4
41. e4 0-1

[Event "11th European Senior"]
[Site "Courmayeur ITA"]
[Date "2011.04.13"]
[Round "8.37"]
[White "Papa, Angelo"]
[Black "Bonino, Silvano"]
[Result "1-0"]
[WhiteElo "1866"]
[BlackElo "1465"]
[WhiteFideId "812285"]
[BlackFideId "872660"]
[EventDate "2011.04.06"]

1. d4 Nf6 2. Nf3 e6 3. e3 d5 4. Bd3 Be7 5. O-O O-O 6. b3 b6 7. Bb2 Ba6 8. c4 c5
9. Nbd2 Bb7 10. Ne5 Nbd7 11. Qf3 Rb8 12. Qh3 g6 13. Ndf3 Ne8 14. dxc5 Nxc5 15.
Bc2 Nd7 16. Bxg6 fxg6 17. Qxe6+ Kh8 18. Nf7+ 1-0

[Event "11th European Senior"]
[Site "Courmayeur ITA"]
[Date "2011.04.13"]
[Round "8.39"]
[White "Gonzalo Gonzalez, Francisco"]
[Black "Schiappacasse, Marcello"]
[Result "1-0"]
[WhiteElo "1740"]
[BlackElo "1896"]
[WhiteFideId "2252171"]
[BlackFideId "808369"]
[EventDate "2011.04.06"]

1. e4 e6 2. Nf3 c5 3. c3 d5 4. exd5 Qxd5 5. Bb5+ Bd7 6. Qa4 a6 7. Bxd7+ Nxd7 8.
O-O Ne7 9. Re1 Nc6 10. c4 Qh5 11. Nc3 Be7 12. Ne4 O-O 13. d3 Rfd8 14. Bd2 Nde5
15. Nxe5 Nxe5 16. Ng3 Nf3+ 17. gxf3 Qh3 18. Qb3 Rd4 19. Re4 Rd7 20. Rae1 h5 21.
Qd1 Rxd3 22. R1e3 Rxd2 23. Qxd2 Rd8 24. Rd3 Rxd3 25. Qxd3 h4 26. Nf1 Qf5 27. Re3
Qg5+ 28. Kh1 1-0

[Event "11th European Senior"]
[Site "Courmayeur ITA"]
[Date "2011.04.13"]
[Round "8.40"]
[White "Smits, Oswald"]
[Black "Acunzo, Domenico"]
[Result "0-1"]
[WhiteElo "1870"]
[BlackElo "1769"]
[WhiteFideId "24619892"]
[BlackFideId "825751"]
[EventDate "2011.04.06"]

1. d4 e6 2. e4 d5 3. e5 c5 4. c3 Nc6 5. Nf3 Qb6 6. a3 c4 7. Nbd2 Na5 8. Be2 Bd7
9. O-O h6 10. h3 Ne7 11. Nh2 O-O-O 12. b4 cxb3 13. Bb2 Ba4 14. Rc1 Kb8 15. Nhf3
Rc8 16. Ne1 Nc4 17. Nxc4 dxc4 18. Nf3 Nd5 19. g3 Qd8 20. Nd2 Nb6 21. f3 Bb5 22.
Nb1 Na4 23. Qd2 Qg5 24. Qxg5 hxg5 25. Ba1 b2 26. Bxb2 Nxb2 27. Rc2 Na4 28. Kg2
Be7 29. Rh1 Nb6 30. Kf2 f6 31. exf6 gxf6 32. Bf1 Bd6 33. Re2 Rce8 34. Bg2 e5 35.
Rhe1 exd4 36. Rxe8+ Rxe8 37. Rxe8+ Bxe8 38. cxd4 Bg6 39. Nc3 Bxa3 40. Ne4 Bb2
41. Ke2 Bxd4 42. f4 gxf4 43. gxf4 Bh5+ 44. Kd2 Kc7 45. Ng3 Bf7 46. h4 Nd7 47.
Nf5 Bc5 48. Bf3 Bg6 49. Ng7 a5 50. Nh5 a4 0-1

[Event "11th European Senior"]
[Site "Courmayeur ITA"]
[Date "2011.04.13"]
[Round "8.41"]
[White "Ortega Morales, Pedro"]
[Black "Deiana, Giacomo"]
[Result "1/2-1/2"]
[WhiteElo "1848"]
[BlackElo "1689"]
[WhiteFideId "2253429"]
[BlackFideId "843750"]
[EventDate "2011.04.06"]

1. d4 Nf6 2. Bf4 g6 3. e3 Bg7 4. Nf3 O-O 5. Be2 d6 6. h3 c6 7. Nbd2 Nbd7 8. O-O
Qe8 9. c4 e5 10. Bh2 Qe7 11. c5 dxc5 12. dxe5 Nd5 13. e4 N5b6 14. Qc2 Nxe5 15.
Nxe5 Bxe5 1/2-1/2

[Event "11th European Senior"]
[Site "Courmayeur ITA"]
[Date "2011.04.13"]
[Round "8.43"]
[White "Squarci, Franco"]
[Black "Castiglioni, Nando"]
[Result "1-0"]
[WhiteElo "1777"]
[BlackElo "1651"]
[WhiteFideId "809110"]
[BlackFideId "860174"]
[EventDate "2011.04.06"]

1. d4 g6 2. Nf3 Bg7 3. e4 c6 4. c3 d6 5. Be2 Nd7 6. Bf4 c5 7. O-O cxd4 8. cxd4
Qb6 9. Qd2 e5 10. Be3 Qd8 11. dxe5 Nxe5 12. Nxe5 Bxe5 13. Nc3 Be6 14. Bb5+ Kf8
15. f4 Bg7 16. Rfd1 a6 17. Ba4 b5 18. Bb3 Bxb3 19. axb3 Bxc3 20. Qxc3 Nf6 21.
Qd4 Ke8 22. f5 Ke7 23. Bf4 1-0

[Event "11th European Senior"]
[Site "Courmayeur ITA"]
[Date "2011.04.13"]
[Round "8.44"]
[White "Ivanov, Michail"]
[Black "Renzini, Lorenzo"]
[Result "0-1"]
[WhiteElo "1935"]
[BlackElo "1747"]
[WhiteFideId "4145224"]
[BlackFideId "821985"]
[EventDate "2011.04.06"]

1. e4 c5 2. Nc3 d6 3. f4 e6 4. Nf3 Nc6 5. Bb5 Bd7 6. O-O a6 7. Bxc6 Bxc6 8. d4
cxd4 9. Nxd4 Bxe4 10. Nxe4 d5 11. Nf2 Nf6 12. a3 Qc7 13. c3 Bd6 14. Qf3 g6 15.
Bd2 Nh5 16. g3 Nf6 17. Rae1 O-O-O 18. Nd3 Ne4 19. Bc1 h5 20. Nf2 Nc5 21. b4 Na4
22. Be3 Nb6 23. Nd3 h4 24. Nc5 Qe7 25. Ndb3 Nc4 26. Bd4 Rh7 27. g4 h3 28. Be5
Bxc5+ 29. bxc5 Nxe5 30. Rxe5 Qd7 31. Rfe1 Qa4 32. Nd4 Qxa3 33. c6 b6 34. f5 gxf5
35. Nxf5 Qc5+ 36. Nd4 Rg8 37. Kh1 Qd6 38. Qd3 Rhg7 39. Qxa6+ Kd8 40. Qa8+ Ke7
41. Qb7+ Kf6 42. g5+ Kg6 43. Rxe6+ fxe6 44. Rxe6+ Qxe6 45. Qxg7+ Kxg7 0-1

[Event "11th European Senior"]
[Site "Courmayeur ITA"]
[Date "2011.04.13"]
[Round "8.45"]
[White "Breidenbach, Heinz"]
[Black "Maestri, Roberto"]
[Result "1/2-1/2"]
[WhiteElo "1548"]
[BlackElo "1766"]
[WhiteFideId "842672"]
[BlackFideId "871354"]
[EventDate "2011.04.06"]

1. d4 Nf6 2. Nf3 g6 3. h3 Bg7 4. Bf4 O-O 5. e3 d6 6. Be2 Nc6 7. c3 Nd7 8. Bh2 e5
9. dxe5 Ndxe5 10. Nbd2 b6 11. O-O a5 12. a4 Bb7 13. Qc2 Rb8 14. Rad1 Nxf3+ 15.
Nxf3 Ne5 16. Nxe5 Bxg2 17. Kxg2 Qg5+ 1/2-1/2

[Event "11th European Senior"]
[Site "Courmayeur ITA"]
[Date "2011.04.13"]
[Round "8.46"]
[White "Bardin, Christian"]
[Black "Brugnolo, Paolo"]
[Result "1-0"]
[WhiteElo "1765"]
[BlackElo "1498"]
[WhiteFideId "638749"]
[BlackFideId "834408"]
[EventDate "2011.04.06"]

1. e4 Nf6 2. Nc3 e6 3. Nf3 d6 4. d4 Be7 5. Bd3 Nbd7 6. O-O O-O 7. e5 dxe5 8.
dxe5 Nd5 9. Nxd5 exd5 10. c3 c6 11. Qc2 h6 12. Qe2 Nc5 13. Bc2 Bg4 14. h3 Bh5
15. Be3 Ne4 16. Qd3 Bg6 17. Qd2 Bh5 18. Nd4 Nc5 19. Nf5 Bg6 20. Nxe7+ Qxe7 21.
f4 Bxc2 22. Qxc2 Ne4 23. Rf3 f5 24. c4 d4 25. Bxd4 c5 26. Bc3 b6 27. Rd1 Rfd8
28. Rfd3 Rf8 29. Rd7 Qe6 30. Qd3 Kh8 31. Qd5 Qg6 32. e6 Qg3 33. Rxg7 Qe3+ 34.
Kh2 Qxf4+ 35. Rg3+ Nxc3 36. bxc3 Rg8 37. Qf3 Qe5 38. Qe3 Qf6 39. Rxg8+ Rxg8 40.
e7 f4 41. Qe4 Qxc3 42. Qxf4 Qg7 43. Qe4 Qg3+ 44. Kh1 Qb8 45. Qe6 Qf4 46. Qxg8+
Kxg8 47. e8=Q+ Kg7 48. Rd7+ 1-0

[Event "11th European Senior"]
[Site "Courmayeur ITA"]
[Date "2011.04.13"]
[Round "8.47"]
[White "De Polzer, Manfredi"]
[Black "Luebbers, Doris"]
[Result "1-0"]
[WhiteElo "1697"]
[BlackElo "1602"]
[WhiteFideId "835277"]
[BlackFideId "24630080"]
[EventDate "2011.04.06"]

1. e4 c5 2. Nf3 d6 3. Be2 Nf6 4. Nc3 e6 5. O-O Be7 6. b3 O-O 7. Bb2 a6 8. d4
cxd4 9. Nxd4 b5 10. Bf3 Ra7 11. Qe2 Rc7 12. Rad1 Bb7 13. e5 Ne8 14. exd6 Nxd6
15. Bxb7 Rxb7 16. Ne4 Rd7 17. Nc5 Ra7 18. Ncxe6 fxe6 19. Nxe6 Qe8 20. Nxf8 Qxf8
21. Qe6+ Kh8 22. Bd4 Rc7 23. Be5 Rc6 24. Qd5 Rb6 25. Rd3 Nf7 26. Bc7 Rf6 27. Re1
h6 28. Bxb8 Qxb8 29. Rxe7 1-0

[Event "11th European Senior"]
[Site "Courmayeur ITA"]
[Date "2011.04.13"]
[Round "8.48"]
[White "Centofante, Maria Rosa"]
[Black "Bogatto, Mario"]
[Result "1-0"]
[WhiteElo "1619"]
[BlackElo "1446"]
[WhiteFideId "834807"]
[BlackFideId "820369"]
[EventDate "2011.04.06"]

1. d4 d5 2. Nf3 e6 3. c4 Nf6 4. Nc3 c6 5. Bg5 Be7 6. cxd5 exd5 7. Qc2 Nbd7 8. e3
Nf8 9. Bd3 h6 10. Bh4 a6 11. a3 Ne6 12. h3 c5 13. dxc5 Nxc5 14. Be2 Nce4 15.
Bxf6 Nxf6 16. O-O Be6 17. Rad1 Qc7 18. Nd4 Rc8 19. Rc1 O-O 20. Qd2 Qd7 21. f4
Bf5 22. Nxf5 Qxf5 23. g4 Qe6 24. Bf3 Rcd8 25. Qd4 Qd6 26. Kg2 g5 27. Rcd1 Qc5
28. b4 Qc4 29. Bxd5 Qxd4 30. Rxd4 b5 31. Rfd1 gxf4 32. exf4 Rd6 33. Bxf7+ Rxf7
34. Rxd6 Bxd6 35. Rxd6 Kg7 36. Rxa6 Rb7 37. Rc6 Kf7 38. Kf3 Kg7 39. Rc5 Nd7 40.
Rxb5 Rxb5 41. Nxb5 Nb6 42. Ke4 Kf6 43. h4 Ke6 44. Nc3 Nd7 45. a4 Nf6+ 1-0

[Event "11th European Senior"]
[Site "Courmayeur ITA"]
[Date "2011.04.13"]
[Round "8.50"]
[White "Lisandri, Luigi"]
[Black "Maspero, Alfio"]
[Result "1-0"]
[WhiteElo "1448"]
[BlackElo "1417"]
[WhiteFideId "820377"]
[BlackFideId "846058"]
[EventDate "2011.04.06"]

1. d4 d5 2. Nf3 Nc6 3. c4 dxc4 4. e3 Bf5 5. Bxc4 e6 6. O-O Bd6 7. Qb3 Rb8 8. Nc3
Nge7 9. Nh4 Na5 10. Qb5+ c6 11. Qa4 b5 12. Bxb5 cxb5 13. Nxb5 O-O 14. Nxd6 Bd3
15. Rd1 Bf5 16. Ndxf5 exf5 17. Nf3 Nac6 18. Ne5 Rb4 19. Qc2 Qc7 20. Bd2 Rb6 21.
Rdc1 Rfb8 22. b3 Qb7 23. Qc4 Nd8 24. Qc7 Rc6 25. Qxb7 Rxc1+ 26. Rxc1 Nxb7 27.
Rc7 Ng6 28. Nxf7 Nd8 29. Nxd8 Rxd8 30. g3 Rd6 31. Rxa7 Rc6 32. Bb4 h5 33. Bc5 h4
34. b4 h3 35. b5 Rc8 36. a4 1-0

[Event "11th European Senior"]
[Site "Courmayeur ITA"]
[Date "2011.04.14"]
[Round "9.2"]
[White "Peretz, Malkiel"]
[Black "Kupreichik, Viktor D"]
[Result "1-0"]
[WhiteTitle "FM"]
[BlackTitle "GM"]
[WhiteElo "2255"]
[BlackElo "2431"]
[WhiteFideId "2800446"]
[BlackFideId "13500066"]
[EventDate "2011.04.06"]

1. e4 c5 2. Nf3 d6 3. d4 cxd4 4. Nxd4 Nf6 5. Nc3 Nc6 6. Be2 g6 7. Be3 Bg7 8. O-O
O-O 9. Nb3 a6 10. f4 b5 11. Bf3 Bb7 12. Qd2 Nd7 13. Rad1 Nb6 14. Bxb6 Qxb6+ 15.
Kh1 Rfc8 16. Nd5 Qa7 17. Qf2 Qxf2 18. Rxf2 Rab8 19. c3 Kf8 20. e5 Rd8 21. Nb6
Nxe5 22. fxe5 Bxf3 23. Rxf3 Rxb6 24. e6 Bf6 25. Nc5 Kg7 26. Nd7 Rb7 27. Nc5 Ra7
28. exf7 Kxf7 29. Ne4 Kg7 30. Rdf1 Rf8 31. g4 Raa8 32. Kg2 Be5 33. Ng5 Rf6 34.
Rxf6 exf6 35. Ne6+ Kf7 36. Nc7 Ra7 37. Nd5 Ke6 38. Rd1 f5 39. g5 h6 40. gxh6 Rh7
41. h3 g5 42. Nb4 a5 43. Nc6 Rxh6 44. Nxa5 g4 45. Rd3 Rg6 46. Kf2 Rh6 47. Kg2
Kf6 48. Nb3 Kg5 49. Nd2 Bf4 50. Nf1 Re6 51. Kf2 Kh4 52. Rd4 Bh2 53. Nxh2 Rg6 54.
Kg2 Rg5 55. Nf3+ 1-0

[Event "11th European Senior"]
[Site "Courmayeur ITA"]
[Date "2011.04.14"]
[Round "9.3"]
[White "Vikulov, Alexander"]
[Black "Okhotnik, Vladimir"]
[Result "0-1"]
[WhiteTitle "FM"]
[BlackTitle "IM"]
[WhiteElo "2316"]
[BlackElo "2458"]
[WhiteFideId "4121937"]
[BlackFideId "14101289"]
[EventDate "2011.04.06"]

1. d4 d6 2. Nf3 g6 3. c4 Bg7 4. g3 Nd7 5. Bg2 e5 6. Nc3 exd4 7. Nxd4 Ne7 8. O-O
O-O 9. Bf4 Ne5 10. b3 h6 11. h4 Rb8 12. Qd2 Kh7 13. Rad1 Bg4 14. Nc2 Qc8 15. Kh2
Be6 16. Nd4 Bd7 17. a4 a6 18. Rfe1 N7c6 19. Nc2 Na5 20. Rb1 Bf5 21. e4 Bd7 22.
Nd5 Nac6 23. a5 Bg4 24. Re3 f6 25. f3 Bd7 26. g4 Qd8 27. Rh1 h5 28. gxh5 g5 29.
Bg3 Bh6 30. Kg1 Rf7 31. Ne1 Be6 32. Rc3 Nxa5 33. f4 gxf4 34. Bxf4 Qf8 35. Rg3
Nac6 36. Bh3 Bxh3 37. Rhxh3 Bxf4 38. Qxf4 Qh6 39. Qf5+ Kh8 40. Kh1 Nd4 41. Qf2
c5 42. Nf4 Rg8 43. Rxg8+ Kxg8 44. Rg3+ Rg7 45. Nd5 Rxg3 46. Qxg3+ Kf7 47. Nf4
Qg7 48. Ng6 Nxg6 49. hxg6+ Qxg6 50. Qxd6 Qxe4+ 51. Ng2 Nf3 52. Qd5+ Qxd5 53.
cxd5 Ke7 54. h5 Kd6 55. h6 Ng5 56. Ne3 b5 57. Kg2 Ke5 58. Kg3 f5 59. Kh4 Nf7 60.
h7 f4 61. Ng4+ Kxd5 62. Kh5 f3 63. Kg6 Ke6 64. Kg7 a5 65. Nh6 f2 66. Nxf7 f1=Q
67. Nd8+ Kd5 68. h8=Q Qa1+ 69. Kg8 a4 70. bxa4 bxa4 71. Nb7 0-1

[Event "11th European Senior"]
[Site "Courmayeur ITA"]
[Date "2011.04.14"]
[Round "9.4"]
[White "Plachetka, Jan"]
[Black "Cebalo, Miso"]
[Result "1/2-1/2"]
[WhiteTitle "GM"]
[BlackTitle "GM"]
[WhiteElo "2355"]
[BlackElo "2486"]
[WhiteFideId "14900068"]
[BlackFideId "14500094"]
[EventDate "2011.04.06"]

1. c4 g6 2. Nc3 Bg7 3. g3 c5 4. Bg2 Nc6 5. Nf3 d6 6. O-O a6 7. a3 Rb8 8. Rb1 b5
9. cxb5 axb5 10. b4 cxb4 11. axb4 Bf5 12. e4 Bg4 13. Ne2 Nf6 14. h3 Bxf3 15.
Bxf3 O-O 16. d4 e5 17. d5 Nd4 18. Nxd4 exd4 19. Bb2 Re8 20. Qxd4 Nh5 21. Qd2
Bxb2 22. Qxb2 Nf6 23. Qd4 Qe7 24. Rfe1 Rbc8 25. Bg2 h5 26. h4 Rc4 27. Qb6 Ng4
28. Qxb5 Rec8 29. Rf1 Rc2 30. Qb6 Qe5 31. Rb3 Rc1 32. Rd3 R8c4 33. Ra3 Qb2 34.
Rf3 Qe2 35. Rf4 1/2-1/2